| 000 | 00638nam a2200217Ia 4500 | ||
|---|---|---|---|
| 003 | GCL | ||
| 008 | 140319s9999 xx 000 0 ara d | ||
| 040 |
_aGCL / _cGCL |
||
| 082 | 0 | 4 |
_a923 _bر ر |
| 100 | 1 | _aريتزر، جورج | |
| 245 | 1 | 0 |
_aرواد علم الاجتماع / _cريتزر، جورج |
| 700 | 1 | _aمحمود عبدالرشيد بدران | |
| 700 | 1 | _aعدلى محمود السمرى | |
| 700 | 1 | _aفاتن احمد على | |
| 260 |
_a[S.N] : _bدار المعرفة الجامعية ، _c1993 |
||
| 300 | _a371 ص | ||
| 490 | _a | ||
| 650 | 0 | 4 | _aالعلم |
| 650 | 0 | 4 | _aالاجتماع |
| 942 |
_2ddc _cBK |
||
| 999 |
_c32708 _d32708 |
||